Black leaders of the twentieth century / (Record no. 118776)
[ view plain ]
| 000 -LEADER | |
|---|---|
| fixed length control field | 00910pam a2200277 a 4500 |
| 001 - CONTROL NUMBER | |
| control field | 1370690 |
| 003 - CONTROL NUMBER IDENTIFIER | |
| control field | ARRUPE |
| 005 - DATE AND TIME OF LATEST TRANSACTION | |
| control field | 20131127131458.0 |
| 008 - FIXED-LENGTH DATA ELEMENTS--GENERAL INFORMATION | |
| fixed length control field | 810715s1982 iluc b s001 0ceng |
| 010 ## - LIBRARY OF CONGRESS CONTROL NUMBER | |
| LC control number | 81011454 |
| 020 ## - INTERNATIONAL STANDARD BOOK NUMBER | |
| International Standard Book Number | 0252008707 |
| 020 ## - INTERNATIONAL STANDARD BOOK NUMBER | |
| International Standard Book Number | 0252009398 (pbk.) |
| 040 ## - CATALOGING SOURCE | |
| Original cataloging agency | DLC |
| Transcribing agency | DLC |
| Modifying agency | DLC |
| 043 ## - GEOGRAPHIC AREA CODE | |
| Geographic area code | n-us--- |
| 050 00 - LIBRARY OF CONGRESS CALL NUMBER | |
| Classification number | E185.96 |
| Item number | .B536 1982 |
| 300 ## - PHYSICAL DESCRIPTION | |
| Other physical details | ports. ; |
| Dimensions | 24 cm. |
| 245 00 - TITLE STATEMENT | |
| Title | Black leaders of the twentieth century / |
| Statement of responsibility, etc | edited by John Hope Franklin and August Meier. |
| 260 ## - PUBLICATION, DISTRIBUTION, ETC. (IMPRINT) | |
| Place of publication, distribution, etc | Urbana : |
| Name of publisher, distributor, etc | University of Illinois Press, |
| Date of publication, distribution, etc | c1982. |
| 300 ## - PHYSICAL DESCRIPTION | |
| Extent | xi, 372 p. : |
| 440 #0 - SERIES STATEMENT/ADDED ENTRY--TITLE | |
| Title | Blacks in the new world |
| 9 (RLIN) | 4196 |
| 504 ## - BIBLIOGRAPHY, ETC. NOTE | |
| Bibliography, etc | Includes bibliographies and index. |
| 650 #0 - SUBJECT ADDED ENTRY--TOPICAL TERM | |
| Topical term or geographic name as entry element | African Americans |
| Form subdivision | Biography. |
| 9 (RLIN) | 4197 |
| 700 1# - ADDED ENTRY--PERSONAL NAME | |
| Personal name | Franklin, John Hope, |
| Dates associated with a name | 1915-2009. |
| 9 (RLIN) | 4198 |
| 700 1# - ADDED ENTRY--PERSONAL NAME | |
| Personal name | Meier, August, |
| Dates associated with a name | 1923- |
| 9 (RLIN) | 4199 |
| 906 ## - LOCAL DATA ELEMENT F, LDF (RLIN) | |
| a | 7 |
| b | cbc |
| c | orignew |
| d | 1 |
| e | ocip |
| f | 19 |
| g | y-gencatlg |
| 942 ## - ADDED ENTRY ELEMENTS (KOHA) | |
| Source of classification or shelving scheme | Library of Congress Classification |
| Koha item type | Monograph ( Printed materials) |
| Withdrawn status | Lost status | Source of classification or shelving scheme | Damaged status | Not for loan | Home library | Current library | Shelving location | Date acquired | Total Checkouts | Full call number | Barcode | Date last seen | Price effective from | Koha item type |
|---|---|---|---|---|---|---|---|---|---|---|---|---|---|---|
| Library of Congress Classification | ARRUPE LIBRARY | ARRUPE LIBRARY | Main Collection | 27/11/2013 | E185.96 .B536 1982 | 46410854 | 13/12/2017 | 27/11/2013 | Monograph ( Printed materials) |